<?xml version="1.0" encoding="UTF-8"?>
<marc:record xmlns:marc="http://www.loc.gov/MARC21/slim">
   <marc:leader>00000nam a2200000 a 4500</marc:leader>
   <marc:datafield ind1="0" ind2="0" tag="245">
      <marc:subfield code="a">Geckos große Geschichtenwelt</marc:subfield>
   </marc:datafield>
   <marc:datafield ind1="0" ind2="0" tag="245">
      <marc:subfield code="b">von Himmelsleitern, Stink-Wettbewerben und Zauberhaaren</marc:subfield>
   </marc:datafield>
   <marc:datafield ind1=" " ind2="1" tag="264">
      <marc:subfield code="b">Mixtvision</marc:subfield>
      <marc:subfield code="c">2013</marc:subfield>
   </marc:datafield>
   <marc:datafield ind1="1" ind2=" " tag="520">
      <marc:subfield code="a">Angaben aus der Verlagsmeldung

Geckos große Geschichtenwelt : Von Himmelsleitern, Stink-Wettbewerben und Zauberhaaren

Jetzt gibt es die beliebtesten Vorlese-Geschichten aus dem erfolgreichen Gecko-Magazin in einem Buch!
14 Geschichten zu kunterbunten Themenwelten – von tanzenden Räubern bis zu tollkühnen Spatzen ...
Geschichten und Bilder von erfolgreichen Künstlern machen das Buch zu einem wahren Vorlese-Schatz!
</marc:subfield>
   </marc:datafield>
   <marc:datafield ind1=" " ind2=" " tag="020">
      <marc:subfield code="a">9783939435792</marc:subfield>
      <marc:subfield code="9">9783939435792</marc:subfield>
   </marc:datafield>
</marc:record>
